[Event "Vecindario Montalvo Memorial 16th"]
[Site "Vecindario"]
[Date "2024.03.30"]
[Round "8"]
[White "Van Zyl Rudd, Jack"]
[Black "Garbezza, Davide"]
[Result "1-0"]
[WhiteElo "2264"]
[BlackElo "1888"]
[PlyCount "85"]
[EventDate "2024.03.23"]
[EventType "swiss"]
[EventRounds "9"]
[EventCountry "ESP"]
[SourceTitle "CB15_2024"]
[SourceDate "2024.04.10"]
[SourceVersion "1"]
[SourceVersionDate "2024.04.10"]
[SourceQuality "1"]

1. d4 Nf6 2. c4 e6 3. g3 d5 4. Nf3 Bb4+ 5. Bd2 Be7 6. Qc2 0-0 7. Bg2 Nbd7 8. 0-0 Ne4 9. Nc3 Nxd2 10. Nxd2 c6 11. Rad1 dxc4 12. Nxc4 Rb8 13. e4 b5 14. Ne3 Nf6 15. e5 Nd5 16. Ncxd5 cxd5 17. f4 g6 18. g4 f5 19. Qe2 Ba6 20. Rf3 fxg4 21. Nxg4 Qb6 22. Qf2 Rbc8 23. Ne3 b4 24. Bh3 Bb7 25. Qg2 Rc4 26. Qg4 Rf5 27. Nxc4 dxc4 28. Rf2 Bd5 29. Qg3 Rh5 30. Qe3 Rh4 31. Bg2 Rg4 32. h3 Rxg2+ 33. Rxg2 Bxg2 34. Kxg2 b3 35. axb3 cxb3 36. Qe4 a5 37. d5 exd5 38. Qxd5+ Kf8 39. f5 gxf5 40. e6 Qc7 41. Qxf5+ Kg7 42. Rd7 Qc6+ 43. Kg3 1-0

[Event "Vecindario Montalvo Memorial 16th"]
[Site "Vecindario"]
[Date "2024.03.26"]
[Round "4"]
[White "Hernandez Leon, Alberto"]
[Black "Garbezza, Davide"]
[Result "1-0"]
[WhiteElo "2207"]
[BlackElo "1888"]
[PlyCount "91"]
[EventDate "2024.03.23"]
[EventType "swiss"]
[EventRounds "9"]
[EventCountry "ESP"]
[SourceTitle "CB15_2024"]
[SourceDate "2024.04.10"]
[SourceVersion "1"]
[SourceVersionDate "2024.04.10"]
[SourceQuality "1"]

1. d4 d5 2. c4 e6 3. Nf3 Nf6 4. g3 Bb4+ 5. Bd2 Be7 6. Bg2 0-0 7. 0-0 Nbd7 8. Qc2 c6 9. Bf4 b6 10. Rd1 a5 11. Nbd2 Ba6 12. e4 Nxe4 13. Nxe4 dxe4 14. Ne5 Nxe5 15. dxe5 Qc7 16. Bxe4 h6 17. h4 Rfd8 18. Qe2 Rxd1+ 19. Rxd1 Rd8 20. Rxd8+ Qxd8 21. Bxc6 Qd4 22. b3 Ba3 23. Qd2 Bb2 24. Qxd4 Bxd4 25. Kf1 Kf8 26. Ke2 Ke7 27. Be3 Bc5 28. g4 f6 29. Bf4 g5 30. exf6+ Kxf6 31. hxg5+ hxg5 32. Bc7 Ke7 33. f3 Bc8 34. Kd3 Bd7 35. Bxd7 Kxd7 36. Be5 Be7 37. Bd4 Bd8 38. Ke4 Kd6 39. Be3 Kc6 40. Ke5 Kd7 41. a4 Bc7+ 42. Kf6 Bd8+ 43. Kg6 Kd6 44. Bxg5 Bxg5 45. Kxg5 Ke5 46. Kh6 1-0

[Event "Las Palmas San Mateo CC op 1st"]
[Site "Las Palmas"]
[Date "2023.12.09"]
[Round "9"]
[White "Garbezza, Davide"]
[Black "Bergero, Simone"]
[Result "1/2-1/2"]
[WhiteElo "1860"]
[BlackElo "2010"]
[PlyCount "22"]
[EventDate "2023.12.04"]
[EventType "swiss"]
[EventRounds "9"]
[EventCountry "ESP"]
[SourceTitle "CB50_2023"]
[SourceDate "2023.12.13"]
[SourceVersion "1"]
[SourceVersionDate "2023.12.13"]
[SourceQuality "1"]

1. e4 e6 2. d4 d5 3. Nc3 c5 4. exd5 cxd4 5. Qxd4 Nf6 6. Bb5+ Bd7 7. Bxd7+ Qxd7 8. Nf3 Nxd5 9. 0-0 Nxc3 10. Qxd7+ Nxd7 11. bxc3 Bc5 1/2-1/2

[Event "Las Palmas San Mateo CC op 1st"]
[Site "Las Palmas"]
[Date "2023.12.06"]
[Round "5"]
[White "Garbezza, Davide"]
[Black "Moreno Diepa, Diego"]
[Result "1/2-1/2"]
[WhiteElo "1860"]
[BlackElo "2138"]
[PlyCount "141"]
[EventDate "2023.12.04"]
[EventType "swiss"]
[EventRounds "9"]
[EventCountry "ESP"]
[SourceTitle "CB50_2023"]
[SourceDate "2023.12.13"]
[SourceVersion "1"]
[SourceVersionDate "2023.12.13"]
[SourceQuality "1"]

1. Nf3 Nf6 2. b3 d5 3. Bb2 Bf5 4. d3 c5 5. g3 Nc6 6. Bg2 e6 7. Nbd2 h6 8. 0-0 Be7 9. Re1 0-0 10. e4 Bh7 11. exd5 Nxd5 12. Ne5 Nxe5 13. Bxe5 Bf6 14. c4 Nb4 15. Bxb7 Nxd3 16. Bxa8 Bxe5 17. Rxe5 Nxe5 18. Be4 Bxe4 19. Nxe4 Qa8 20. Qe2 Rd8 21. f4 Rd4 22. fxe5 Qxe4 23. Qxe4 Rxe4 24. Kf2 Rd4 25. Ke3 Kh7 26. Rc1 a5 27. a3 Rd8 28. b4 axb4 29. axb4 cxb4 30. Rb1 Kg6 31. Rxb4 Kf5 32. Rb7 Kxe5 33. Rxf7 g5 34. h4 gxh4 35. gxh4 Rd4 36. c5 Rxh4 37. c6 Rc4 38. c7 Kd6 39. Rh7 Rxc7 40. Rxh6 Kd5 41. Rh8 Rc3+ 42. Kd2 Ra3 43. Rh5+ e5 44. Rh8 Kd4 45. Rd8+ Ke4 46. Re8 Rh3 47. Ra8 Rh2+ 48. Ke1 Ke3 49. Ra3+ Kf4 50. Kf1 e4 51. Ke1 Rh1+ 52. Ke2 Rb1 53. Kf2 Rd1 54. Ke2 Rh1 55. Kf2 Rh7 56. Ke2 Rd7 57. Kf2 Rd3 58. Ra8 Rd2+ 59. Ke1 Ke3 60. Rh8 Ra2 61. Rh3+ Kd4 62. Kd1 Rf2 63. Ra3 Rf3 64. Ra8 Ke3 65. Ke1 Rf7 66. Ra3+ Kf4 67. Ke2 Rh7 68. Kf2 e3+ 69. Rxe3 Rh2+ 70. Kg1 Kxe3 71. Kxh2 1/2-1/2

[Event "Barcelona Sant Marti op-A 23rd"]
[Site "Barcelona"]
[Date "2023.07.19"]
[Round "7"]
[White "Garbezza, Davide"]
[Black "Parra Ordorica, Arnau"]
[Result "0-1"]
[WhiteElo "1960"]
[BlackElo "1889"]
[PlyCount "124"]
[EventDate "2023.07.13"]
[EventType "swiss"]
[EventRounds "9"]
[EventCountry "ESP"]
[SourceTitle "CBM 215 Extra"]
[Source "ChessBase"]
[SourceDate "2023.09.30"]
[SourceVersion "1"]
[SourceVersionDate "2023.09.30"]
[SourceQuality "1"]

1. b3 Nf6 2. Bb2 d5 3. Nf3 g6 4. c4 Bg7 5. cxd5 0-0 6. g3 Na6 7. Nc3 Nb4 8. Bg2 Nbxd5 9. 0-0 c6 10. Nxd5 cxd5 11. Rc1 Bd7 12. Be5 Rc8 13. Rxc8 Qxc8 14. Qa1 Bc6 15. Nd4 Ne8 16. Bxg7 Nxg7 17. Rc1 Qd7 18. Nxc6 bxc6 19. Qc3 Rc8 20. b4 Ne6 21. Bh3 f5 22. Bg2 Nd8 23. d4 Rb8 24. Qc5 Rb5 25. Qc3 Qb7 26. a3 a5 27. bxa5 Qa6 28. e3 Rxa5 29. Qb4 Kf7 30. Bf1 Qa7 31. Rc3 e6 32. Qd6 Qe7 33. Qxe7+ Kxe7 34. Rb3 Kd7 35. Kg2 Kc7 36. h4 h6 37. g4 Nf7 38. Bd3 Ra8 39. Kg3 h5 40. gxh5 gxh5 41. Be2 Nd6 42. Kf4 Ne4 43. Ke5 Nxf2 44. Bxh5 Rh8 45. Bf3 Ne4 46. Rb2 Rxh4 47. a4 Rh3 48. Bxe4 Rxe3 49. Kxe6 fxe4 50. Ra2 Rc3 51. a5 Kb7 52. a6+ Ka7 53. Kd6 e3 54. Ke5 Rd3 55. Kf4 Rd2 56. Ra1 e2 57. Re1 Rxd4+ 58. Ke5 Re4+ 59. Kd6 d4 60. Kc5 d3 61. Rb1 e1Q 62. Rb2 Kxa6 0-1

[Event "Barcelona Sant Marti op-A 23rd"]
[Site "Barcelona"]
[Date "2023.07.17"]
[Round "5"]
[White "Garbezza, Davide"]
[Black "Perez Pastora, Evaristo"]
[Result "0-1"]
[WhiteElo "1960"]
[BlackElo "2093"]
[PlyCount "52"]
[EventDate "2023.07.13"]
[EventType "swiss"]
[EventRounds "9"]
[EventCountry "ESP"]
[SourceTitle "CBM 215 Extra"]
[Source "ChessBase"]
[SourceDate "2023.09.30"]
[SourceVersion "1"]
[SourceVersionDate "2023.09.30"]
[SourceQuality "1"]

1. Nf3 Nf6 2. g3 g6 3. Bg2 Bg7 4. 0-0 0-0 5. d4 d6 6. b3 c6 7. Bb2 Na6 8. c4 Qa5 9. Nbd2 Qh5 10. a3 Bh3 11. e4 Bxg2 12. Kxg2 Nd7 13. Qc2 e5 14. dxe5 dxe5 15. Rad1 Nac5 16. b4 Ne6 17. c5 Rad8 18. Qb3 b6 19. cxb6 axb6 20. Nc4 c5 21. Rd5 Qg4 22. Ncxe5 Nxe5 23. Bxe5 Bxe5 24. Rxd8 Rxd8 25. Nxe5 Qxe4+ 26. Nf3 Rd3 0-1

[Event "Barbera del Valles op 45th"]
[Site "Barbera del Valles"]
[Date "2023.07.04"]
[Round "1"]
[White "Alcala Gonzalez, Cesar"]
[Black "Garbezza, Davide"]
[Result "1-0"]
[WhiteElo "2329"]
[BlackElo "1960"]
[PlyCount "39"]
[EventDate "2023.07.04"]
[EventType "swiss"]
[EventRounds "9"]
[EventCountry "ESP"]
[SourceTitle "CBM 215 Extra"]
[Source "ChessBase"]
[SourceDate "2023.09.30"]
[SourceVersion "1"]
[SourceVersionDate "2023.09.30"]
[SourceQuality "1"]

1. d4 d5 2. c4 c6 3. Nf3 Nf6 4. Nc3 dxc4 5. a4 Bf5 6. Ne5 Nbd7 7. Nxc4 Nb6 8. Ne5 a5 9. f3 Nfd7 10. Nxd7 Nxd7 11. e4 Bg6 12. Be2 Qb6 13. f4 e5 14. dxe5 Bc5 15. Rf1 Bg1 16. Bg4 Nc5 17. Rxg1 Rd8 18. Qe2 Bxe4 19. Be3 Bd3 20. Qf2 1-0

[Event "Imola op 3rd"]
[Site "Imola"]
[Date "2021.12.08"]
[Round "5"]
[White "Muraro, Alberto"]
[Black "Garbezza, Davide"]
[Result "1/2-1/2"]
[WhiteElo "1898"]
[BlackElo "1913"]
[PlyCount "100"]
[EventDate "2021.12.06"]
[EventType "swiss"]
[EventRounds "5"]
[EventCountry "ITA"]
[SourceTitle "CBM 205 Extra"]
[Source "ChessBase"]
[SourceDate "2022.01.31"]
[SourceVersion "1"]
[SourceVersionDate "2022.01.31"]
[SourceQuality "1"]

1. e4 c6 2. d4 d5 3. Nc3 dxe4 4. Nxe4 Bf5 5. Ng3 Bg6 6. Bc4 e6 7. N1e2 Nd7 8. Nf4 Bd6 9. Qe2 Ngf6 10. h4 Qc7 11. h5 Bxc2 12. Nxe6 fxe6 13. Qxc2 Bxg3 14. fxg3 Qxg3+ 15. Qf2 Qd6 16. Bd2 Ne4 17. Qe3 Nxd2 18. Qxd2 0-0-0 19. 0-0-0 Nb6 20. Bb3 Rhf8 21. Rhe1 Nd5 22. Qg5 Rd7 23. Re5 Re7 24. Rde1 h6 25. Qd2 Rf6 26. Qa5 Nb4 27. Bc4 Kb8 28. a3 Nd5 29. Kb1 Rf2 30. Bxd5 cxd5 31. g4 Rf4 32. Qc5 Qxc5 33. dxc5 Rxg4 34. Rxd5 exd5 35. Rxe7 Rg5 36. b4 Rxh5 37. Rxg7 a5 38. Kc2 axb4 39. axb4 Rh3 40. Rd7 Rh5 41. Kd3 Kc8 42. Rh7 Rh4 43. b5 Rc4 44. Rh8+ Kc7 45. Rh7+ Kb8 46. Rxh6 Rxc5 47. b6 Kc8 48. Kd4 Rc6 49. Rh8+ Kd7 50. Rh7+ Kc8 1/2-1/2